La immigració al Baix Llobregat : materials per a l'estudi de la immigració al Baix Llobregat del 1939 al 1995 materials per a l'estudi de la immigració al Baix Llobregat del 1939 al 1995
Descripción Física:
63 p. ; 21 cm
Colección:
Guies d'estudi del Baix Llobregat ; 1
MARC
| LEADER | 00000nam a2200000Ia 4500 | ||
|---|---|---|---|
| 001 | 15956 | ||
| 008 | 160829s2003 xx 000 0 cat d | ||
| 080 | |a M-4-350 | ||
| 245 | |a La immigració al Baix Llobregat : |b materials per a l'estudi de la immigració al Baix Llobregat del 1939 al 1995 | ||
| 260 | |a [Barcelona] : |b Fundació Utopia, Joan N. García - Nieto, |c 2003 | ||
| 300 | |a 63 p. ; |c 21 cm | ||
| 490 | |a Guies d'estudi del Baix Llobregat ; 1 | ||
| 590 | |a A la portada: el franquisme, la transició democràtica, el període socialista | ||
| 650 | |a Immigrants |x Baix Llobregat |x Bibliografia |9 37400 | ||
| 901 | |a Arxiu | ||
| 942 | |n 1 | ||
| 952 | |0 0 |1 0 |4 0 |6 M4350 |7 1 |9 47846 |a Arxiu |b Arxiu |d 2016-12-01 |l 0 |o M-4-350 |p 15956 |r 2016-12-01 00:00:00 |w 2016-12-01 |y ARXIU | ||
| 999 | |c 51645 |d 51645 | ||